Most Guessed North American Countries on JetPunk - Statistics

General Stats
  • This quiz has been taken 3,083 times
  • The average score is 10 of 11
Answer Stats
% Guessed Country % Correct
99% Canada
100%
99% United States
100%
97% Mexico
99%
93% Cuba
95%
89% Panama
92%
87% Jamaica
91%
88% Haiti
90%
85% Bahamas
87%
84% Costa Rica
87%
84% Honduras
86%
86% Dominica
85%
No matching quizzes found
Score Distribution
Percent of People with Each Score
Percentile by Number Answered
Your Score History
You have not taken this quiz